000 00664nam a22002057a 4500
005 20170315162529.0
010 _aENG-117492
020 _a9789386288424
_c980.00
035 _aEN-101024
037 _bDBAD/PUB
082 _a358.8
100 _aPatil,P.A.
245 _aWeaponisation of space :
_cby P.A. Patil ; introduction by Vinod Pandey
_ban inevitable reality and plausible fallout /
260 _aNew Delhi
_bKW Publishers
_c2017
270 _a4676/21,First Floor,Ansari Road,Daryaganj
_bNew Delhi
_e110002
300 _axix,241p.
_b23cm(Hb)
500 _aIncludes index
700 _aPandey,Vinod
942 _2ddc
_cEN
_h358.8
_mPAT
999 _c138290
_d138290